000 00865nam a22002777a 4500
005 20230228192345.0
008 230228b2021 |||||||| |||| 00| 0 spa d
020 _a9788417289485
041 _aESP
082 _a621.313 R696g
100 _aRodríguez Amenedo, José Luis
_969815
100 _aArnaltes Gómez, Santiago
_969816
100 _aGarcía Carrasco, Joaquín Eloy
_969817
245 _aGeneradores eléctricos I: convertidores eléctricos
260 _aEspaña
260 _bIbergarceta Publicaciones
260 _c2021
300 _a750 páginas
650 _aGENERADORES ELÉCTRICOS
_969818
650 _aCONVERTIDORES ELECTRÓNICOS
_969819
650 _aTEORÍA DE LOS VECTORES ESPACIALES
_969820
650 _aGENERADORES FOTOVOLTAICOS
_969821
650 _aSISTEMAS DE ALMACENAMIENTO DE ENERGÍA
_969822
692 _CEL
942 _cBK
999 _c13487
_d13487